Miejsca związane z Polską na Ukrainie - Statystyki

Ogólne statystyki
  • Ten quiz został rozwiązany 16 razy
  • Średni wynik to 4 z 15
Statystyki odpowiedzi
Opis Nazwa % Poprawnych
Największe ruskie miasto zdobyte przez Bolesława Chrobrego Kijów
87%
Miasto nazywane "semper fidelis" Lwów
80%
Rejon największego nasilenia ukraińskich czystek etnicznych wobec Polaków w czasie II wojny światowej Wołyń
67%
Miejscowość na Krymie, w której decydowano o przyszłości Polski w 1945r. Jałta
53%
Miasto znane długo jako Stanisławów Iwano-Frankiwsk
33%
Pod tym zamkiem Polacy z Ukraińcami zgodnie i z powodzeniem stawili czoła 100 tysięcznej armii tureckiej w 1621 roku Chocim
27%
Najpotężniejsza twierdza na Kresach unieśmiertelniona przez Henryka Sienkiewicza Kamieniec Podolski
27%
Miejsce zesłania Adama Mickiewicza i jego romansu z agentką carskich służb Odessa
20%
Miasto nazwane na pamiątkę włoskiego miasta, znane głównie z konfederacji Bar
13%
Ulubiona rezydencja Jana II Sobieskiego, której nazwa wiąże się z innym wybitnym wodzem Żółkiew
13%
Znajduje się tu najlepiej na Ukrainie zachowany park Zofiówka, ufundowany przez jednego z targowiczan Humań
7%
Miejsce największej rzezi Polaków i Żydów podczas koliszczyzny Humań
7%
Przedwojenne uzdrowisko nad Dniestrem, gdzie rzekomo w 1939 polskie władze uciekły z kraju Zaleszczyki
7%
Miejsce pochówku pod Kijowem m. in. ofiar "ukraińskiej listy katyńskiej" Bykownia
0%
Siedziba liceum zwanego w XIX wieku Atenami Wołyńskimi Krzemieniec
0%
Nie znaleziono quizów pasujących do podanych kryteriów
Rozkład punktacji
Procent ludzi z każdym wynikiem
Percentyl według liczby udzielonych odpowiedzi
Twoja historia wyników
Nie rozwiązałeś tego quizu